Imagination Movers: Same Song, Different Episode. - Statistics

General Stats
  • This quiz has been taken 8 times
  • The average score is 21 of 38
Answer Stats
Hint Answer % Correct
Sneeze and Thank You,
A Bee Story
Clean My Room
75%
Present Problem
A Little Elf Esteem
Give a Gift
75%
Present Problem
Happy Ha-Ha-Holidays
It's Christmas
75%
A Puppy Problem
Walkaway Walkie
Puppy Dog
75%
Wayne Dance
Have You Ever Seen a Unicorn?
Shakeable You
75%
The Tooth Hurts
Finders Key-pers
Warehouse Mouse
75%
Snow Day
Nina's Day Off
We Can Work Together
75%
Hiccups
Uffle-Fluffs
Boing Cluck Cluck
50%
Captain Terrific
Slam Dunk Solution
Bounce
50%
Tooth Fairy
Nina Gets the Giggles
Can You Do It?
50%
Say Cheese
Mouse Scouts
Cheese
50%
Heavy Reading
Award To the Wise
Eureka (Remix)
50%
Second Chance Pants
Ace Mulligan
Everybody's Game
50%
All Broken Up
Who's Afraid of the Big Bad Mouse?
Fix It Up
50%
Gimme Strength
Mouse Scouts
Getting Stronger
50%
Body Language
Shall We Dance?
Get Up
50%
Present Problem
Seeing Stars
Gotcha
50%
It's a Breeze
Power Play
Gust of Wind
50%
The Un-Party
Mousesitting
Have Some Fun Today
50%
It's a Mystery
Save The Warehouse
Here We Go
50%
Finders Key-pers
Mouse Day
Idea Box
50%
No Noise Is Good Noise
Snorey Morrie
I Heard That
50%
Have a Ball
The Prince Frog
Kick It
50%
Gimme Strength
Treasure of the Warehouse
My Favorite Snack
50%
No Noise Is Good Noise
Aloha Nina
Nina's Song
50%
Big Pumpkin Problem
The Idea Cafe
Now We're Cooking
50%
Rockabye Rich
A Fairy Tale Ending
One More Book
50%
Trouble in Paradise
Castaways
On My Way Home (Hawaiian Lullaby)
50%
Scott and the Beanstalk
Award to the Wise
On Your Marks
50%
A Puppy Problem
Have A Ball
Playing Catch
50%
Knit Knots Gets Stuck
Goldilocks and the Three Movers
Please and Thank You
50%
Too Cool
Out of Tunes
Recipe (Stir It Up)
50%
Knight Time
Haunted Halloween
The Boom Boom Song
50%
Rockabye Rich
Tooth Fairy
The Last Song
50%
A Bee Story
Birthday Ball
Try Again
50%
Captain Terrific
How the West Was Fun
Up, Up, Up
50%
Finders Key-pers
Snorey Morrie
Where'd You Go?
50%
Knit Knots Gets Stuck
Mouse and Home
Paint the Day Away
25%
No matching quizzes found
Score Distribution
Percent of People with Each Score
Percentile by Number Answered
Your Score History
You have not taken this quiz